Droit et Nature des Choses. Travaux du Colloque de Philosophie du Droit Comparée. (Toulouse, 16-21 septembre 1964).

Na minha lista:
Detalhes bibliográficos
Formato: Livro
Idioma:francês
Publicado em: Paris, France: Librairie Dalloz, 1965.
Assuntos:
Tags: Adicionar Tag
Sem tags, seja o primeiro a adicionar uma tag!

MARC

LEADER 00000nam a2200000 a 4500
001 UCR0098
003 CL-VaPUC
005 20220822114415.0
008 971129e19650000fr 1 fre d
999 |c 383047  |d 383045 
040 |c Pontificia Universidad Católica de Valparaíso 
082 0 4 |a 340.11 DRO 1965   |2 21 
245 1 0 |a Droit et Nature des Choses.  |b Travaux du Colloque de Philosophie du Droit Comparée. (Toulouse, 16-21 septembre 1964). 
260 |a Paris, France:   |b Librairie Dalloz,  |c 1965. 
300 |a 272 páginas.  
500 |a c.2 Donación Familia Prof. Alejandro Guzmán Brito. Extrait des Annales de la Faculté de Droit et des Sciences Economiques de Toulouse. 
583 |a last modification  |c 20121003 12:16:45  |k Rodrigo Vera 
650 0 0 |a Filosofía del derecho   |9 255050 
650 0 0 |a Fuentes del derecho   |9 255162 
650 0 0 |a Escuelas filosóficas   |9 266232 
650 0 0 |a Naturaleza  |9 269656 
942 |c BK  |2 ddc  |n 0 
945 |a cmena  |d 19971129 00:00:00 
952 |0 0  |1 0  |4 0  |6 340_110000000000000_DRO_1965  |7 0  |8 DER_TF  |9 505041  |a BIBDER  |b BIBDER  |d 2020-01-23  |i 1907247  |o 340.11 DRO 1965  |p 1907247  |r 2023-01-25  |w 2020-01-23  |x Ubicación 4to Piso  |y BK  |z Estos recursos deben solicitarse con anticipación  |k DER